Т. 2 : Кинокадры 1918-1922; Ленин. Собрание фотографий и кинокадров

Библиографические подробности
Источник:Ленин. Собрание фотографий и кинокадров: в 2 т./ Институт марксизма-ленинизма ; сост. А. М. Гак, А. И. Петров, Л. Н. Фомичева. Т. 2 : Кинокадры 1918-1922.— 2-е изд., доп. и испр..— , 1980
Язык:русский
Опубликовано: 1980
Предметы:
Формат: Книга
Запись в KOHA:https://koha.lib.tpu.ru/cgi-bin/koha/opac-detail.pl?biblionumber=361852

MARC

LEADER 00000nam2a2200000 4500
001 361852
005 20260326171910.0
035 |a (RuTPU)RU\TPU\retro\19198 
090 |a 361852 
100 |a 20210705d1980 km y0rusy50 ca 
101 0 |a rus 
102 |a RU 
105 |a a z 001zb 
200 0 |a Т. 2 : Кинокадры 1918-1922 
210 |d 1980 
215 |a 591 с.  |c ил. 
320 |a Указ. имен: с. 584-586 
320 |a Библиогр.: с. 587-589 
461 1 |0 (RuTPU)RU\TPU\retro\19195  |t Ленин. Собрание фотографий и кинокадров  |o в 2 т.  |f Институт марксизма-ленинизма ; сост. А. М. Гак, А. И. Петров, Л. Н. Фомичева  |v Т. 2 : Кинокадры 1918-1922  |e 2-е изд., доп. и испр.  |d 1980 
600 1 |a Ленин  |b В. И.  |c настоящая фамилия Ульянов  |c российский политический деятель  |f 1870-1924  |g Владимир Ильич  |2 stltpush  |3 (RuTPU)RU\TPU\pers\1074  |9 486 
606 |a Ленин В. И.  |x Жизнь и деятельность  |9 89215 
610 1 |a фотографии 
610 1 |a кинокадры 
610 1 |a послереволюционные годы 
610 1 |a политические деятели 
610 1 |a государственные деятели 
610 1 |a документальные источники 
686 |a Т3(2)6-8Ленин35  |2 rubbk 
801 1 |a RU  |b 63413507  |c 20210705 
801 2 |a RU  |b 63413507  |c 20210705  |g RCR 
942 |c BK